000 00695nam a2200289Ia 4500
005 20260324140643.0
008 008 260324s9999 xx 000 0 eng d
020 _a9780429426384
037 _aEBOOK
040 _aCRL
040 _beng
040 _cCRL
041 _2eng
041 _aeng
084 _qCRL
100 _aYanrui Wu
_91191770
245 4 _aThe Economics of the East Asia Steel Industries
245 0 _bProduction, Consumption and Trade
260 _bTaylor and Francis
260 _c1998
365 _a
365 _b205
856 _uhttp://www.taylorfrancis.com/books/9780429426384
942 _cEBOOK
999 _c1807519
_d1807519